| 000 | 00534nam a22001815i 4500 | ||
|---|---|---|---|
| 001 | 159598 | ||
| 003 | ES-MaACL | ||
| 005 | 20250821063059.0 | ||
| 008 | 040916s1875 fr |||| | fre d | ||
| 040 |
_aCAM _bspa _cCAM |
||
| 100 | 1 |
_aMichelet, Jules, _d1798-1874 _980919 |
|
| 245 | 1 | 3 |
_aLa mer / _cJ. Michelet. |
| 250 | _a5e éd. | ||
| 260 |
_aParis : _bMichel Lévy Frères, _c1875 ( _fImp. Simon Raçon et Cie.) |
||
| 300 |
_a428 p. ; _c18 cm. |
||
| 852 |
_aES-MaACL _jG-10300 _z-- Enc. hol. |
||
| 999 |
_c159598 _d159598 |
||